Quick Pick: Clue(do) Rooms Quiz Stats

 Plays Quiz Updated Feb 8, 2017

Support Sporcle.
Go Orange.
Score 0/9 Timer 00:30
1 Play Today
% Correct
Library
90.3%
Study
86.3%
Dining Room
85.8%
Kitchen
84.4%
Billiard Room
83.4%
Conservatory
82.4%
Hall
78.5%
Ballroom
77.6%
Lounge
67.6%

Today's Daily Dose

Missing Word
FPS Games (A-Z)

Quick Pick
Cartoon Lions

Get the Picture
5, 6, 7, or 8 Movies

You're not logged in!

Compare scores with friends on all Sporcle quizzes.
OR
Log In
Forgot?

From the Vault

'A' Countries by Length

by sproutcm

Bringing anything less than your 'A' game just wouldn't make much sense.
Remove Ads.
Support Sporcle.
Get the best of Sporcle when you Go Orange. This ad-free experience offers more features, more stats, and more fun while also helping to support Sporcle. Thank you for becoming a member.

Show Comments

Extras

Top Quizzes Today


Score Distribution

Your Account Isn't Verified!

In order to create a playlist on Sporcle, you need to verify the email address you used during registration. Go to your Sporcle Settings to finish the process.

Report this User

Report this user for behavior that violates our Community Guidelines.

Details: